Statistiques concernant Césars : actrices multi-nommées

Cliquez ici pour prendre le quiz!

Statistiques générales

  • Ce quiz a été pris 487 fois
  • Le résultat moyen est 38 sur 67

Statistiques - réponses

Nombre de nominationsActriceCatégories% Correct
13Catherine Deneuve12x Meilleure actrice, 1x Meilleure actrice dans un second rôle
99%
14Isabelle Huppert12x Meilleure actrice, 2x Meilleure actrice dans un second rôle
93%
8Isabelle Adjani8x Meilleure actrice
90%
5Marion Cotillard3x Meilleure actrice, 2x Meilleur espoir féminin
83%
5Josiane Balasko3x Meilleure actrice, 1x Meilleur réalisateur, 1x Meilleur Scénario
81%
9Juliette Binoche9x Meilleure actrice
78%
8Emmanuelle Béart5x Meilleure actrice, 1x Meilleure actrice dans un second rôle, 2x Meilleur espoir féminin
77%
9Karin Viard4x Meilleure actrice, 4x Meilleure actrice dans un second rôle, 1x Meilleur espoir féminin
76%
3Jeanne Moreau2x Meilleure actrice, 1x Meilleure actrice dans un second rôle
76%
5Fanny Ardant5x Meilleure actrice
76%
6Charlotte Gainsbourg4x Meilleure actrice, 1x Meilleure actrice dans un second rôle, 1x Meilleur espoir féminin
75%
9Nathalie Baye7x Meilleure actrice, 2x Meilleure actrice dans un second rôle
75%
3Yolande Moreau2x Meilleure actrice, 1x Meilleure actrice dans un second rôle
75%
4Audrey Tautou3x Meilleure actrice, 1x Meilleur espoir féminin
75%
9Catherine Frot6x Meilleure actrice, 3x Meilleure actrice dans un second rôle
73%
6Romy Schneider5x Meilleure actrice, 1x Meilleure actrice dans un second rôle
72%
7Sandrine Bonnaire6x Meilleure actrice, 1x Meilleur espoir féminin
70%
4Annie Girardot2x Meilleure actrice, 2x Meilleure actrice dans un second rôle
70%
10Miou Miou10x Meilleure actrice
70%
7Sabine Azéma6x Meilleure actrice, 1x Meilleure actrice dans un second rôle
69%
8Sandrine Kiberlain5x Meilleure actrice, 1x Meilleure actrice dans un second rôle, 2x Meilleur espoir féminin
68%
4Anémone3x Meilleure actrice, 1x Meilleure actrice dans un second rôle
66%
9Dominique Blanc2x Meilleure actrice, 5x Meilleure actrice dans un second rôle, 2x Meilleur espoir féminin
65%
8Isabelle Carré5x Meilleure actrice, 3x Meilleur espoir féminin
64%
3Mathilde Seigner3x Meilleure actrice dans un second rôle
64%
5Cécile de France3x Meilleure actrice, 1x Meilleure actrice dans un second rôle, 1x Meilleur espoir féminin
63%
4Léa Seydoux2x Meilleure actrice, 2x Meilleur espoir féminin
63%
3Bérénice Bejo2x Meilleure actrice, 1x Meilleur espoir féminin
60%
4Valérie Lemercier1x Meilleure actrice, 3x Meilleure actrice dans un second rôle
60%
9Agnès Jaoui3x Meilleure actrice dans un second rôle, 1x Meilleur réalisateur, 5x Meilleur scénario
60%
3Marina Foïs2x Meilleure actrice, 1x Meilleur espoir féminin
58%
3Sara Forestier2x Meilleure actrice, 1x Meilleur espoir féminin
58%
4Charlotte Rampling3x Meilleure actrice, 1x Meilleure actrice dans un second rôle
55%
4Julie Depardieu3x Meilleure actrice dans un second rôle, 1x Meilleur espoir féminin
55%
5Emmanuelle Devos2x Meilleure actrice, 2x Meilleure actrice dans un second rôle, 1x Meilleur espoir féminin
55%
3Ludivine Sagnier2x Meilleure actrice dans un second rôle, 1x Meilleur espoir féminin
54%
3Jane Birkin2x Meilleure actrice, 1x Meilleure actrice dans un second rôle
54%
3Virginie Ledoyen3x Meilleur espoir féminin
53%
5Nicole Garcia3x Meilleure actrice, 2x Meilleure actrice dans un second rôle
53%
5Sylvie Testud2x Meilleure actrice, 1x Meilleure actrice dans un second rôle, 2x Meilleur espoir féminin
52%
3Kristin Scott-Thomas3x Meilleure actrice
51%
4Catherine Jacob3x Meilleure actrice dans un second rôle, 1x Meilleur espoir féminin
50%
4Adèle Haenel1x Meilleure actrice, 1x Meilleure actrice dans un second rôle, 2x Meilleur espoir féminin
48%
4Ariane Ascaride3x Meilleure actrice, 1x Meilleure actrice dans un second rôle
48%
5Marie Trintignant2x Meilleure actrice, 3x Meilleure actrice dans un second rôle
48%
3Judith Godrèche2x Meilleure actrice dans un second rôle, 1x Meilleur espoir féminin
46%
3Danielle Darrieux3x Meilleure actrice dans un second rôle
45%
4Marie Gillain2x Meilleure actrice, 2x Meilleur espoir féminin
43%
6Noémie Lvovsky1x Meilleure actrice, 5x Meilleure actrice dans un second rôle
42%
4Dominique Lavanant4x Meilleure actrice dans un second rôle
40%
3Anouk Grinberg3x Meilleure actrice
39%
3Marina Hands1x Meilleure actrice, 2x Meilleur espoir féminin
39%
3Hélène Vincent1x Meilleure actrice, 2x Meilleure actrice dans un second rôle
38%
3Bernadette Lafont3x Meilleure actrice dans un second rôle
37%
3Delphine Seyrig2x Meilleure actrice, 1x Meilleure actrice dans un second rôle
35%
4Elsa Zylberstein1x Meilleure actrice dans un second rôle, 3x Meilleur espoir féminin
34%
3Isabelle Nanty2x Meilleure actrice dans un second rôle, 1x Meilleur espoir féminin
34%
4Jeanne Balibar2x Meilleure actrice dans un second rôle, 2x Meilleur espoir féminin
33%
4Stéphane Audran4x Meilleure actrice dans un second rôle
33%
3Line Renaud3x Meilleure actrice dans un second rôle
32%
3Géraldine Pailhas2x Meilleure actrice dans un second rôle, 1x Meilleur espoir féminin
32%
4Emilie Dequenne1x Meilleure actrice, 1x Meilleure actrice dans un second rôle, 2x Meilleur espoir féminin
32%
3Zabou Breitman2x Meilleure actrice dans un second rôle, 1x Meilleur première oeuvre
30%
3Déborah François3x Meilleur espoir féminin
30%
3Anne Consigny1x Meilleure actrice, 2x Meilleure actrice dans un second rôle
28%
3Julie Delpy2x Meilleur espoir féminin, 1x Meilleur scénario
28%
3Clotilde Courau1x Meilleure actrice dans un second rôle, 2x Meilleur espoir féminin
27%

Distribution des résultats

Percentile par nombre de réponses

% des personnes avec chaque résultat

Votre développement - résultats

Vous n’avez pas pris ce quiz